000 00282nam a22001097a 4500
008 150129b xxu||||| |||| 00| 0 eng d
022 _a2221-5859
245 _aIba global insight /
260 _aLondon :
_bInternational bar association ,
_cc 2014.
300 _a58p.
942 _2ddc
_cPER
999 _c5963
_d5963